000
00349nam a2200157Ia 4500
003
OSt
005
20240129113527.0
008
170524s9999 xx 000 0 und d
020
_a
9788190738743
040
_c
IIMTU
100
_a
Chhabra T. N.
245
0
_a
Entrepreneurship Development
260
_b
Sun India
260
_c
2010
942
_2
ddc
_c
02
999
_c
6034
_d
6034